[Event "National Open"]
[Site "Las Vegas USA"]
[Date "2007.06.10"]
[Round "6"]
[White "Sinanan,J"]
[Black "Kretchetov,A"]
[Result "1/2-1/2"]
[WhiteElo "2138"]
[BlackElo "2299"]

1.Nf3 Nf6 2.c4 c6 3.Nc3 d5 4.d4 a6 5.cxd5 cxd5 6.Bf4 Ne4 7.Qb3 Nxc3 8.bxc3 Nc6
9.e3 g6 10.Be2 Bg7 11.O-O O-O 12.a4 Na5 13.Qb4 Bf5 14.Nd2 Rc8 15.Rfc1 f6
16.Bg3 e5 17.Bf3 Be6 18.Nb3 Nxb3 19.Qxb3 Rf7 20.a5 Rc6 21.h3 Rd7 22.Ra4 exd4
23.exd4 Bf8 24.Re1 Bf7 25.Re3 Bh6 26.Rd3 Bf8 27.Bf4 Qc8 28.Re3 h5 29.h4 Rd8
30.g3 Kg7 31.Bg2 Bd6 32.Bxd6 Rdxd6 33.Rb4 Rc7 34.Rb6 Rxb6 35.axb6 Rd7 36.Bh3 f5
37.Bg2 Qc6 38.Re1 Qd6 39.Re5 Kg8 40.f4 Kg7 41.Kf2 Rd8 42.Bf3 Kf6 43.Ke3 Rd7
44.Kd3 Rd8 45.Kc2 Rd7 46.Kb2 Be6 47.Kc2 Rd8 48.Kd2 Rd7 49.Re1 Rd8 50.Ra1 Bf7
51.Re1 Rc8 52.Rb1 Re8 53.Re1 Rc8  1/2-1/2

[Event "Salongernas IM"]
[Site "Stockholm SWE"]
[Date "2007.06.10"]
[Round "2"]
[White "Lund,E"]
[Black "Gagarin,V"]
[Result "1-0"]
[WhiteElo "2309"]
[BlackElo "2404"]

1.d4 d5 2.c4 c6 3.Nf3 Nf6 4.Nc3 a6 5.e3 e6 6.c5 Nbd7 7.b4 g6 8.Be2 Bg7 9.Bb2 O-O
10.O-O Qe7 11.Na4 Rb8 12.Qb3 Ne4 13.Rad1 e5 14.Rfe1 Re8 15.Bf1 h6 16.a3 f6
17.dxe5 fxe5 18.Rxd5 cxd5 19.Qxd5+ Kh7 20.Qxe4 Nf8 21.Nb6 Bf5 22.Qc4 Rbd8
23.e4 Bg4 24.Qb3 Bxf3 25.Qxf3 Ne6 26.Nd5 Qf8 27.Qxf8 Rxf8 28.Bc4 a5 29.g3 g5
30.Kg2 g4 31.Bc3 h5 32.bxa5 Ng5 33.a6 bxa6 34.c6 Rd6 35.Bb4 Rxc6 36.Bxf8 Bxf8
37.Bd3 a5 38.a4 Ba3 39.Rb1 Kh6 40.Rb6 Rxb6 41.Nxb6 Bb2 42.Nc4 Bc3 43.Nd6 Bb4
44.Nf5+ Kg6 45.Ne3 Kh6 46.Nd5 Bc5 47.Nc3 Bd4 48.Ne2 Bc5 49.Ng1 Nh3 50.Nxh3 gxh3+
51.Kf3 Kg5 52.Bf1 h4 53.Bxh3 Bb6 54.Bd7 Bc5 55.Ke2 Bb6 56.h3 Bc5 57.Be6 Bb6
58.Bb3 Bc5 59.Bd1 Bd4 60.Bc2 Bc5 61.Bb3 Bd4 62.Bd1 Bc5 63.f4+ exf4 64.g4 Kf6
65.Kd3 Ke5 66.Bf3 Be7 67.Kc4 Kd6 68.Bh1 Bf6 69.Bg2 Be7 70.Kb5 Bd8 71.Bh1 Bc7
72.g5 Bd8 73.g6 Ke6 74.e5 Bc7 75.Bd5+  1-0

[Event "FSIMB June"]
[Site "Budapest HUN"]
[Date "2007.06.11"]
[Round "10"]
[White "Kahn,E"]
[Black "Adams,N"]
[Result "1/2-1/2"]
[WhiteElo "2334"]
[BlackElo "2218"]

1.d4 d5 2.c4 c6 3.Nc3 Nf6 4.Nf3 a6 5.c5 Nbd7 6.Bf4 g6 7.e3 Bg7 8.Bd3 O-O
9.O-O Nh5 10.Bg5 h6 11.Bh4 f5 12.Ne2 g5 13.Bg3 Nxg3 14.Nxg3 e6 15.Qc2 Qe8
16.Ne2 Qf7  1/2-1/2

[Event "5th V Nabokov Mem"]
[Site "Kyiv UKR"]
[Date "2007.06.11"]
[Round "10"]
[White "Baryshpolets,A"]
[Black "Kernazhitsky,L"]
[Result "1-0"]
[WhiteElo "2305"]
[BlackElo "2364"]

1.d4 d5 2.c4 c6 3.Nf3 Nf6 4.Nc3 a6 5.a4 e6 6.g3 a5 7.Bg2 Na6 8.O-O Be7 9.Ne5 Nb4
10.b3 O-O 11.Bb2 b6 12.e4 Bb7 13.Qe2 Rc8 14.Rad1 Qc7 15.Rfe1 Rfe8 16.h4 Rcd8
17.Rd2 Qb8 18.Qf3 c5 19.exd5 cxd4 20.Nb5 exd5 21.Bxd4 Bc5 22.Bxc5 bxc5 23.Rde2 Re7
24.Ng4 Ne4 25.Nc3 Nd2 26.Nf6+ gxf6 27.Qg4+ Kf8 28.Rxe7 Nc6 29.Nxd5 Nxe7 30.Nxe7 Be4
31.Bxe4 Kxe7 32.Bd5+ Kf8 33.Qh5 Rxd5 34.Qxd5 Qb4 35.Qd8+ Kg7 36.Re8 Nf3+
37.Kg2  1-0

[Event "XXV Open"]
[Site "Novi Becej SRB"]
[Date "2007.06.11"]
[Round "3"]
[White "Grunberg,M"]
[Black "Vukic,R"]
[Result "1/2-1/2"]
[WhiteElo "2442"]
[BlackElo "2271"]

1.d4 d5 2.c4 c6 3.Nc3 Nf6 4.Nf3 a6 5.e3 e6 6.Qc2 c5 7.b3 Nc6 8.Bb2 cxd4 9.exd4 Be7
10.Be2 O-O 11.Rd1 Bd7 12.O-O Rc8 13.Qb1 Qc7 14.Rfe1 Rfd8 15.h3 Be8 16.cxd5 Nxd5
17.Nxd5 exd5 18.Bd3 g6 19.Rc1 Bb4 20.Re2 Qf4 21.Rd1 Bf8 22.Bc1 Qd6 23.a3 Bg7
24.Bg5 f6 25.Bc1 Bd7 26.b4 Re8 27.Rde1 Rxe2 28.Rxe2 b5 29.Be3 Ne7 30.Rc2 Rxc2
31.Qxc2 Bf5 32.Bxf5 Nxf5 33.Bc1 Kf7 34.g4 Ne7 35.Ne1 f5 36.Nf3 h6 37.g5 h5
38.Bb2 Qc6 39.Bc3 Qc4 40.Nd2 Qe2 41.Bb2 Kg8 42.Qc3 Qe1+ 43.Kg2 f4  1/2-1/2

[Event "11th Master Open"]
[Site "Voronezh RUS"]
[Date "2007.06.13"]
[Round "2"]
[White "Bocharov,D"]
[Black "Bryzgalin,K"]
[Result "1/2-1/2"]
[WhiteElo "2614"]
[BlackElo "2475"]

1.d4 c6 2.c4 d5 3.Nf3 Nf6 4.Nc3 a6 5.c5 Nbd7 6.Bf4 Nh5 7.Bd2 Nhf6 8.Qc2 g6
9.g3 Bg7 10.Bg2 O-O 11.O-O Re8 12.Rfd1 Nf8 13.h3 Bf5 14.Qb3 Qc8 15.Na4 N6d7
16.Bf4 Be4 17.Ne5 Bxg2 18.Kxg2 Bxe5 19.Bxe5 f6 20.Bf4 Kg7 21.Qc3 g5 22.Be3 Ng6
23.f4 gxf4 24.Bxf4 e5 25.dxe5 fxe5 26.Bg5 h6 27.Bd2 Qd8 28.Rf1 Qe7 29.h4 Nf6
30.h5 Nxh5 31.Rh1 Nf6 32.Bxh6+ Kg8 33.Raf1 Ng4 34.Rf5 Nxh6 35.Rxh6 Qg7 36.Rh1 Rf8
37.Rf3 Nf4+ 38.Kf2 Ne6 39.Kg2 Ng5 40.Rff1 Ne4 41.Qe3 Rae8 42.Nc3 Nf6 43.Qd3 Ng4
44.e4  1/2-1/2

[Event "11th Master Open"]
[Site "Voronezh RUS"]
[Date "2007.06.19"]
[Round "7"]
[White "Panarin,M"]
[Black "Bryzgalin,K"]
[Result "1/2-1/2"]
[WhiteElo "2528"]
[BlackElo "2475"]

1.d4 d5 2.c4 c6 3.Nf3 Nf6 4.Nc3 a6 5.Ne5 e6 6.Bf4 Nbd7 7.e3 Nxe5 8.Bxe5 Be7
9.Bd3 dxc4 10.Bxc4 c5 11.dxc5 Qxd1+ 12.Rxd1 Bxc5 13.Be2 b5 14.Bf3 Ra7 15.Bb8 Re7
16.a3 Bb7 17.Ke2 Rd7 18.Be5 Bxf3+ 19.gxf3 Ke7 20.Rxd7+ Nxd7 21.Bxg7 Rg8 22.Bh6 Bd6
23.f4 f6 24.f5 exf5 25.Nd5+ Ke6 26.Nf4+ Bxf4 27.Bxf4 Rc8  1/2-1/2

[Event "III Perla Baltyku A"]
[Site "Mielno POL"]
[Date "2007.06.22"]
[Round "6"]
[White "Kusina,J"]
[Black "Siembab,B"]
[Result "1/2-1/2"]
[WhiteElo "2147"]
[BlackElo "2206"]

1.d4 Nf6 2.c4 c6 3.Nc3 d5 4.Nf3 a6 5.a4 g6 6.Bf4 Bg7 7.e3 O-O 8.b4 Bf5 9.Qb3 Ne4
10.Rc1 Nxc3 11.Qxc3 a5 12.b5 c5 13.Be5 Bxe5 14.Nxe5 cxd4 15.Qxd4 Nd7 16.Nxd7 Qxd7
17.cxd5 e5 18.Qd2 Be4 19.f3 Bxd5 20.Bc4 Be6 21.Qxd7 Bxd7 22.Bd5 Rac8 23.Ke2 b6
24.Rhd1 Rxc1 25.Rxc1 Rc8 26.Rxc8+ Bxc8 27.g4 Kf8 28.Kd3 Ke7 29.g5 Bf5+ 30.e4 Bd7
31.h4 Bc8 32.Kc3 Bd7 33.Kd3 Kf8 34.Ke3 Kg7 35.f4 f6 36.Bc4 Bg4 37.Bb3 h6
38.Bc2 hxg5 39.hxg5 fxg5 40.fxg5 Be6 41.Kd3 Kf8 42.Kc3 Ke7 43.Bb1 Kd6 44.Bc2 Kc5
45.Bd3 Bg4 46.Bc4 Bf3 47.Bd5 Kd6 48.Kd2 Ke7 49.Kc2 Kd6 50.Kd2 Bh5 51.Bb3 Bf3
52.Bd5 Kc5 53.Kc3 Bg2 54.Bc6 Bf3 55.Bd5 Bd1 56.Bf7 Bxa4 57.Bxg6 Bxb5 58.Bf5 Bc4
59.g6 Bg8 60.Bd7 b5 61.Be8 b4+ 62.Kb2 Kd6 63.Bb5 Ke7 64.Bc6 Kf6 65.Be8 Be6
66.Kc2 Bg4 67.Kb3 Bh5 68.Ka4 Bd1+ 69.Kxa5 b3 70.Bb5 Kxg6 71.Kb4 Bc2 72.Kc3 Kg5
73.Bc4 Kf4 74.Bd5 Ke3 75.Kb2 Kd4 76.Ka3 Bxe4 77.Bxb3 Bd5 78.Bc2 Kc3 79.Bg6  1/2-1/2

[Event "III Perla Baltyku A"]
[Site "Mielno POL"]
[Date "2007.06.24"]
[Round "8"]
[White "Malaniuk,V"]
[Black "Sergeev,Vl"]
[Result "1/2-1/2"]
[WhiteElo "2529"]
[BlackElo "2449"]

1.d4 d5 2.c4 c6 3.Nf3 Nf6 4.Nc3 a6 5.Ne5 Nbd7 6.Bf4 e6 7.e3 Nxe5 8.Bxe5 Bd6
9.Bxd6 Qxd6 10.c5 Qc7 11.f4 b6 12.cxb6 Qxb6 13.Qd2 Qa5 14.Rc1 O-O 15.Be2 c5
16.dxc5 Qxc5 17.Ne4 Qe7 18.Nxf6+ Qxf6 19.O-O Bd7 20.Rc5 Rfb8 21.b3 Bb5 22.Rd1 Bxe2
23.Qxe2 a5 24.Qc2 h5 25.Rd4 g6 26.Ra4 e5 27.Rxd5 exf4 28.Rxf4 Qe6 29.Qd2 Re8
30.Rd7 Re7 31.Rxe7 Qxe7 32.Rd4 Re8 33.Rd3 h4 34.h3 Qg5 35.Rd5 Qg3 36.Rd8 Rxd8
37.Qxd8+ Kh7 38.Qd2 Qc7 39.Kf2 Qg3+ 40.Kf1 Qc7 41.Ke2 Qc6 42.Kf2 Qc7 43.Kg1 Kg8
44.Qe1 Qe5 45.Kh1 Qg5 46.Qc3 Qf5 47.a4 Qd5 48.Kg1 Qd1+ 49.Kf2 Qd5 50.Qc8+ Kg7
51.Qc3+ Kg8 52.Qc2 Qe5 53.Qd2 Qf5+ 54.Kg1 Qb1+ 55.Kh2 Qxb3 56.Qd8+ Kg7 57.Qxa5 Qb8+
58.Kg1 Qb1+ 59.Kf2 Qc2+ 60.Kf3 Qd1+  1/2-1/2

[Event "Open"]
[Site "Pula CRO"]
[Date "2007.06.25"]
[Round "3"]
[White "Dambrauskas,V"]
[Black "Ramirez,Alej"]
[Result "0-1"]
[WhiteElo "2339"]
[BlackElo "2507"]

1.d4 Nf6 2.c4 c6 3.Nc3 d5 4.Nf3 a6 5.c5 Bf5 6.Qb3 Qc8 7.Bf4 e6 8.h3 Be7 9.Ne5 h6
10.g4 Bh7 11.h4 Nfd7 12.g5 Bf5 13.gxh6 gxh6 14.Bh3 Bxh3 15.Rxh3 Nxe5 16.Bxe5 f6
17.Bxb8 Rxb8 18.Na4 e5 19.dxe5 fxe5 20.O-O-O Qg4 21.Rg3 Qxh4 22.Rdg1 Bg5+
23.Kb1 Rf8 24.f3 Qd4 25.Qc2 Rf7 26.e4 Rd8 27.Rd1 Qe3 28.Rgg1 Qxf3 29.exd5 Rxd5
30.Nc3 Rd4 31.Ka1 Kf8 32.Rde1 Qd3 33.Qh2 Bf4 34.Qg2 Qh7 35.Qg4 Bg5 36.Qe6 Qf5
37.Qb3 e4 38.a3 e3 39.Rgf1 Rf4 40.Rxf4 Bxf4 41.Qc4 Bg5 42.Ne4 Qd5 43.Qc2 Rf4
44.Nc3 Qf5 45.Qd1 Rf2 46.Qd6+ Kg7 47.Qc7+ Qf7 48.Qe5+ Qf6 49.Qg3 Rf1 50.Ne4 Rxe1+
51.Qxe1 Qd4 52.Nc3 Qd2 53.Qg3 e2 54.Qe5+ Bf6 55.Qxe2 Qxe2 56.Nxe2 h5 57.Kb1 h4
58.Nf4 Be5 59.Nh3 Kg6 60.Kc2 Kf5 61.Kd1  0-1

[Event "Narciso Yepes Mem"]
[Site "Lorca ESP"]
[Date "2007.06.26"]
[Round "3"]
[White "Komljenovic,D"]
[Black "Valmana Canto,J"]
[Result "1-0"]
[WhiteElo "2485"]
[BlackElo "2338"]

1.d4 d5 2.c4 c6 3.Nf3 Nf6 4.Nc3 a6 5.a4 e6 6.Bg5 Nbd7 7.e3 Be7 8.Bd3 h6 9.Bh4 b6
10.O-O Bb7 11.Qe2 O-O 12.Rfd1 c5 13.cxd5 exd5 14.Bf5 Ne4 15.Bxe7 Qxe7 16.Bxd7 Qxd7
17.Ne5 Qe6 18.Nd3 Rac8 19.Nf4 Qf5 20.h3 Rfe8 21.Qg4 Qxg4 22.hxg4 Nf6 23.dxc5 Rxc5
24.Rd4 Nxg4 25.Nfxd5 Bxd5 26.Nxd5 b5 27.b4 Rc4 28.Rxc4 bxc4 29.Rc1 Rd8 30.e4 Nf6
31.Nxf6+ gxf6 32.Rxc4 Rd1+ 33.Kh2 Rb1 34.f3 Kg7 35.a5 Kg6 36.g4 h5 37.gxh5+ Kxh5
38.Kg3 Kg5 39.f4+ Kg6 40.Kf3 Rb3+ 41.Ke2 Kh5 42.Kd2 Kg4 43.Kc2 Re3 44.e5 fxe5
45.fxe5+ Kf5 46.Rc6 Kxe5 47.Rxa6 Kd5 48.b5 Kc5 49.b6 Re8 50.b7 Rb8 51.Rb6 f6
52.Kd2  1-0

[Event "Narciso Yepes Mem"]
[Site "Lorca ESP"]
[Date "2007.06.26"]
[Round "4"]
[White "Alonso Garcia,R"]
[Black "Martin Alvarez,I"]
[Result "1-0"]
[WhiteElo "2368"]
[BlackElo "2173"]

1.d4 d5 2.c4 c6 3.Nf3 Nf6 4.Nc3 a6 5.a4 e6 6.Bg5 a5 7.e3 Be7 8.Rc1 O-O 9.Bd3 Na6
10.O-O Nb4 11.Bb1 b6 12.b3 Ba6 13.Nd2 h6 14.Bh4 c5 15.dxc5 Bxc5 16.Qf3 Be7
17.Rfd1 Ra7 18.Bxf6 Bxf6 19.Nde4 Bxc3 20.Nxc3 Rd7 21.cxd5 Nxd5 22.Nxd5 Rxd5
23.Rxd5 Qxd5 24.Qxd5 exd5 25.Bf5 g6 26.Bg4 Bd3 27.Bf3 Be4 28.Bxe4 dxe4 29.Rc6 Rb8
30.g4 Kg7 31.Kg2 g5 32.Kg3 Rb7 33.h4 f6 34.Re6 b5 35.hxg5 hxg5 36.Ra6 bxa4
37.bxa4 Rb2 38.Rxa5 Ra2 39.Ra8 Kf7 40.a5 Ke7 41.a6 Kf7 42.Kg2 Ra1 43.Kh2 Ra2
44.Kh3 Kg7 45.a7 Ra3 46.Kh2 Ra2 47.Kg1 Ra1+ 48.Kg2 Kh7 49.Rf8 Rxa7 50.Rxf6 Re7
51.Rb6 Re5 52.Rd6 Kg7 53.Ra6 Kf7 54.Kf1 Rb5 55.Ra4 Re5 56.Ke2 Kf6 57.Kd2 Rd5+
58.Rd4 Rxd4+ 59.exd4 Ke6 60.Kc2 Kd6 61.Kb3 Kd5 62.Kc3 Ke6 63.Kc4 Kd6 64.d5  1-0

[Event "Narciso Yepes Mem"]
[Site "Lorca ESP"]
[Date "2007.06.26"]
[Round "4"]
[White "Movsziszian,K"]
[Black "Fernandez Romero,Ern"]
[Result "1/2-1/2"]
[WhiteElo "2494"]
[BlackElo "2437"]

1.d4 d5 2.c4 c6 3.Nf3 Nf6 4.Nc3 a6 5.e3 b5 6.cxd5 cxd5 7.Bd3 e6 8.O-O Nbd7
9.Bd2 Bd6 10.a3 Bb7 11.Na2 O-O 12.Bb4 Qe7 13.Rc1 Rfc8 14.Qb3 Nb6 15.Bxd6 Qxd6
16.Rxc8+ Rxc8 17.Rc1  1/2-1/2

[Event "Open"]
[Site "Pula CRO"]
[Date "2007.06.26"]
[Round "5"]
[White "Sutkovic,D"]
[Black "Kozarcanin,S"]
[Result "1-0"]
[WhiteElo "2356"]
[BlackElo "2184"]

1.d4 d5 2.c4 c6 3.Nc3 Nf6 4.Nf3 a6 5.e3 g6 6.Bd3 b5 7.b3 Bg4 8.h3 Bxf3 9.Qxf3 Bg7
10.O-O O-O 11.Bb2 e6 12.Rfd1 Qe7 13.e4 b4 14.Na4 Nxe4 15.Bxe4 dxe4 16.Qxe4 Ra7
17.Re1 Qg5 18.Rad1 Rd8 19.Bc1 Qf5 20.Qxf5 gxf5 21.Be3 Re7 22.Bg5 f6 23.Bf4 Kf7
24.Nc5 h6 25.Bxb8 Rxb8 26.Nxa6 Rbb7 27.d5 cxd5 28.cxd5 e5 29.Rc1 Re8 30.d6 Bf8
31.Rc7+ Rxc7 32.dxc7 Ke6 33.Rd1 Bd6 34.Nxb4 Bxc7 35.Na6 Bb6 36.Rc1 Kd6 37.b4 e4
38.b5 Bd4 39.Rc6+ Ke5 40.b6 Re7 41.Rc7 Re6 42.Nc5 Rxb6 43.Nd7+ Kd6 44.Nxb6 Kxc7
45.Nc4 f4 46.Kf1 Kc6 47.Ke2 Kc5 48.Nd2 Kd5 49.f3 e3 50.Nb3 Ba7 51.Kd3 h5
52.Nc1 h4 53.Ne2 Bb8 54.Nd4 Bc7 55.Nf5 Ke6 56.Nxh4 f5 57.g4 fxg3 58.Kxe3 f4+
59.Ke4 Kf6 60.Ng2 Ke6 61.a4 Kf6 62.Kd5 Kf5 63.Kc6 Ba5 64.Kb5 Bd2 65.a5 Be3
66.a6 Ke5 67.Kc6 Ba7 68.h4 Kd4 69.h5 Ke5 70.h6 Kf6 71.Nxf4 Bb8 72.Nh5+ Kg6
73.Nxg3 Kxh6 74.Kb7  1-0

[Event "Open"]
[Site "Pula CRO"]
[Date "2007.06.27"]
[Round "6"]
[White "Lie,K"]
[Black "Ramirez,Alej"]
[Result "1-0"]
[WhiteElo "2529"]
[BlackElo "2507"]

1.Nf3 d5 2.d4 Nf6 3.c4 c6 4.Nc3 a6 5.e3 Bf5 6.Qb3 b5 7.c5 Nbd7 8.a4 Qb8 9.Na2 Qb7
10.Nb4 a5 11.Nxc6 Qxc6 12.axb5 Nxc5 13.Qa3 Nd3+ 14.Bxd3 Qb6 15.Bxf5 e6 16.Qa4 exf5
17.Bd2 Rb8 18.Qxa5 Bd6 19.Qxb6 Rxb6 20.Ra6 Nd7 21.Ke2 Ke7 22.Rxb6 Nxb6 23.Ra1 Rb8
24.Ne5  1-0

[Event "TCh-ESP Honor Gp2"]
[Site "Torrelavega ESP"]
[Date "2007.06.27"]
[Round "1"]
[White "Pantsulaia,L"]
[Black "Deepan Chakkravarthy,J"]
[Result "1-0"]
[WhiteElo "2616"]
[BlackElo "2482"]

1.d4 d5 2.c4 c6 3.Nf3 Nf6 4.Nc3 a6 5.cxd5 cxd5 6.Bf4 Nc6 7.e3 e6 8.Bd3 Be7
9.h3 O-O 10.O-O b5 11.a4 b4 12.Nb1 Bb7 13.Nbd2 Rc8 14.Qe2 Qb6 15.Nb3 Na5
16.Nxa5 Qxa5 17.Nd2 h6 18.Nb3 Qb6 19.a5 Qa7 20.Rfc1 Nd7 21.Qg4 Nf6 22.Qe2 Nd7
23.Qf3 Nf6 24.Bc7 Ne4 25.Qe2 Qa8 26.Bb6 Rxc1+ 27.Rxc1 Rc8 28.Rc2 Bh4 29.Rxc8+ Qxc8
30.Bxe4 dxe4 31.Nc5 Be7 32.Nxb7 Qxb7 33.Qc4 Kf8 34.Kf1 Ke8 35.Ke2 Kd7 36.Kd2 Bd6
37.Bc5 Qd5 38.Qxb4 Bxc5 39.Qxc5 Qb3 40.Qc3 Qb5 41.Ke1 g5 42.Qa3 h5 43.g4 h4
44.Qf8 Qd3 45.Qxf7+ Kd6 46.Qf8+ Kd7 47.Qa3 Qb1+ 48.Ke2 Qc2+ 49.Kf1 Qd1+ 50.Kg2 Qf3+
51.Kg1 Qxh3 52.Qa4+ Kd8 53.Qd1 Qf3 54.Qxf3 exf3 55.b4 Kc7 56.e4 Kc6 57.Kh2 Kc7
58.e5 Kc6 59.Kg1 Kc7 60.Kh1 Kc6 61.Kh2 Kc7 62.d5 exd5 63.e6 d4 64.b5  1-0

[Event "Narciso Yepes Mem"]
[Site "Lorca ESP"]
[Date "2007.06.28"]
[Round "8"]
[White "Lalic,B"]
[Black "Fernandez Romero,Ern"]
[Result "1/2-1/2"]
[WhiteElo "2519"]
[BlackElo "2437"]

1.d4 d5 2.c4 c6 3.Nf3 Nf6 4.Nc3 a6 5.e3 b5 6.c5 g6 7.b4 a5 8.bxa5 Qxa5 9.Bd2 Qc7
10.a4 bxa4 11.Rxa4 Rxa4 12.Qxa4 Bg7 13.Be2 O-O 14.O-O  1/2-1/2

[Event "Narciso Yepes Mem"]
[Site "Lorca ESP"]
[Date "2007.06.29"]
[Round "9"]
[White "Veingold,A"]
[Black "Hernandez Funes,R"]
[Result "1-0"]
[WhiteElo "2465"]
[BlackElo "2121"]

1.d4 d5 2.Nf3 c6 3.c4 Nf6 4.Nc3 a6 5.c5 Bf5 6.Qb3 Ra7 7.Bf4 Nbd7 8.h3 h6
9.e3 g5 10.Bh2 Bg7 11.Be2 O-O 12.O-O Re8 13.Rfd1 Ne4 14.Rac1 Nxc3 15.Qxc3 Be4
16.Ne5 Nxe5 17.dxe5 Qc8 18.Qb3 Qe6 19.Bg4 Bf5 20.Bxf5 Qxf5 21.Qb6 Rea8 22.e6 fxe6
23.Bb8 Rxb8 24.Qxa7 Be5 25.Qb6 Rf8 26.Rd2 g4 27.hxg4 Qxg4 28.Qb3 d4 29.Rc4 Qg5
30.Rcxd4 Bxd4 31.Qxe6+ Kh7 32.Qe4+ Qf5 33.Rxd4 Qxe4 34.Rxe4 Rf7 35.g4 Kg7
36.Re6 Kh7 37.Kg2 Kg7 38.f4 Kh7 39.Kg3 Kg7  1-0

[Event "35th World Open"]
[Site "King of Prussia USA"]
[Date "2007.06.30"]
[Round "1"]
[White "Bartholomew,J"]
[Black "Fielding,P"]
[Result "1/2-1/2"]
[WhiteElo "2419"]
[BlackElo "2195"]

1.Nf3 d5 2.d4 Nf6 3.c4 c6 4.Nc3 a6 5.e3 Bg4 6.Qb3 b5 7.cxd5 Bxf3 8.gxf3 cxd5
9.a4 b4 10.Qxb4 Nc6 11.Qb3 e6 12.Bd2 Bd6 13.f4 h6 14.Rc1 Na5 15.Qc2 Qb6 16.Rb1 Nb3
17.Bb5+ axb5 18.Qxb3 b4 19.Nb5 O-O 20.Ke2 Ne4 21.Rbc1 Qa6 22.f3 Nxd2 23.Kxd2 Rfb8
24.Qd3 b3 25.Qxb3 Be7 26.Ra1 Rc8 27.Qd3 Qa5+ 28.Ke2 Qd8 29.b3 Bb4 30.h4 Rc6
31.Rh2 Rac8 32.Kf1 Rc1+ 33.Rxc1 Rxc1+ 34.Kg2 Qc8 35.Kh3 g6 36.Na7 Qc7 37.Nb5 Qc8
38.e4 Kh7 39.h5 dxe4 40.hxg6+ fxg6 41.fxe4 e5+ 42.f5 exd4 43.Qxd4 gxf5 44.Qa7+ Kh8
45.Qd4+ Kh7  1/2-1/2

[Event "Summer GM"]
[Site "Lugansk UKR"]
[Date "2007.07.01"]
[Round "1"]
[White "Pushkov,N"]
[Black "Gutsko,N"]
[Result "1/2-1/2"]
[WhiteElo "2513"]
[BlackElo "2183"]

1.d4 d5 2.c4 c6 3.Nf3 Nf6 4.Nc3 a6 5.cxd5 cxd5 6.Bf4 Nc6 7.Rc1 Bf5 8.e3 e6
9.Qb3 Ra7 10.Be2 Be7 11.O-O O-O 12.Na4 Nd7 13.Nc5 Nxc5 14.dxc5 Qa5 15.Nd4 Bg6
16.Nxc6 bxc6 17.Qb6 Qxb6 18.cxb6 Rb7 19.Rxc6 Ra8 20.Rfc1 f6 21.Rc8+ Rxc8
22.Rxc8+ Kf7 23.Bxa6  1/2-1/2

[Event "Summer GM"]
[Site "Lugansk UKR"]
[Date "2007.07.02"]
[Round "2"]
[White "Soshnikov,M"]
[Black "Vysochin,S"]
[Result "1/2-1/2"]
[WhiteElo "2265"]
[BlackElo "2518"]

1.d4 d5 2.c4 c6 3.Nf3 Nf6 4.Nc3 a6 5.cxd5 cxd5 6.Bf4 Nc6 7.e3 Bg4 8.h3 Bh5
9.Be2 e6 10.O-O Be7 11.Ne5 Bxe2 12.Nxc6 Bxd1 13.Nxd8 Rxd8 14.Rfxd1 Rc8 15.Rac1 O-O
16.Na4 Nd7 17.Kf1 g5 18.Bc7 b5 19.Nb6 Nxb6 20.Bxb6 f5 21.Ke2 Kf7 22.Kd2 Bb4+
23.Kd3 Ke7 24.a3 Bd6 25.f3 Kd7 26.Ba5 Rxc1 27.Rxc1 Rc8 28.Rxc8 Kxc8 29.g4 Kd7
30.e4 f4 31.Be1 Be7 32.Bb4 Bxb4 33.axb4 h6 34.e5 Kc6 35.Kc3 Kb6 36.Kb3 a5
37.Ka3 Ka6 38.bxa5 Kxa5 39.b4+ Kb6 40.Kb3  1/2-1/2

[Event "Tespo Engineering"]
[Site "Brno CZE"]
[Date "2007.07.04"]
[Round "6"]
[White "Cernousek,L"]
[Black "Jirka,J"]
[Result "1-0"]
[WhiteElo "2411"]
[BlackElo "2367"]

1.d4 d5 2.c4 c6 3.Nc3 Nf6 4.Nf3 a6 5.Ne5 Nbd7 6.Bf4 dxc4 7.Nxc4 b5 8.Ne5 Bb7
9.e3 e6 10.Qf3 Nd5 11.Nxd5 cxd5 12.Bd3 Nxe5 13.Bxe5 f6 14.Bf4 Bb4+ 15.Ke2 O-O
16.Qh3 f5 17.g4 Bd6 18.Bxd6 Qxd6 19.f4 Bc8 20.Rac1 Bd7 21.Rc5 Rac8 22.Rhc1 g6
23.gxf5 exf5 24.Qg2 Rxc5 25.Rxc5 Bc6 26.Kf3 Re8 27.Bxf5 Qe7 28.Qg1 Bb7 29.Bd3 Bc8
30.Ke2 Qf7 31.Qg5 Bb7 32.Kd2 Kg7 33.f5 Rc8 34.Rxc8 Bxc8 35.fxg6 hxg6 36.Ke2 Bh3
37.Ke1 Qe6 38.Kd2 Qf7 39.Ke1 Qe6 40.Qe5+ Qxe5 41.dxe5 Kf7 42.Kd2 Ke6 43.Kc3 Kxe5
44.Bxg6 a5 45.b4 axb4+ 46.Kxb4 d4 47.exd4+ Kxd4 48.a3 Ke3 49.Kxb5 Kf2 50.Kb6 Kg2
51.a4 Kxh2 52.a5 Bf1 53.Be8 Kg3 54.Bb5 Bg2 55.a6  1-0

[Event "ch-IRL"]
[Site "Dublin IRL"]
[Date "2007.07.05"]
[Round "6"]
[White "Conquest,S"]
[Black "Kelly,B"]
[Result "0-1"]
[WhiteElo "2546"]
[BlackElo "2480"]

1.d4 d5 2.c4 c6 3.Nc3 Nf6 4.Nf3 a6 5.c5 Nbd7 6.Bf4 Nh5 7.Bd2 Nhf6 8.Bf4 Nh5
9.g3 Nxf4 10.gxf4 b6 11.cxb6 Qxb6 12.Qc2 e6 13.e3 c5 14.Be2 cxd4 15.Nxd4 Bb7
16.a3 Rc8 17.Rg1 g6 18.Rd1 Be7 19.Kf1 Rc7 20.Qd2 Qd6 21.Nf3 O-O 22.h4 Nb6
23.h5 Qd8 24.hxg6 hxg6 25.Ne5 Bf6 26.Qc2 Bg7 27.Bg4 Qe7 28.Qe2 Nc4 29.Nxc4 Rxc4
30.Qd2 d4 31.Ne2 dxe3 32.fxe3 Rfc8 33.Qd7 Qxd7 34.Rxd7 R4c7 35.Rd2 Rc2 36.Rd7 R2c7
37.Rxc7 Rxc7 38.b4 Rc2 39.Kf2 Ra2 40.Bf3 Bxf3 41.Kxf3 Rxa3 42.Rb1 Bf8 43.Nd4 Kg7
44.Ke2 Rc3 45.Ra1 Bxb4 46.Rxa6 Bc5 47.Ra4 Kf6 48.Kd2 Bxd4 49.Rxd4 Ra3 50.Ke2 e5
51.Rd6+ Kf5 52.fxe5 Kxe5 53.Rb6 Kf5 54.Rb7 f6 55.Kf3 g5 56.Rb5+ Kg6 57.Rb6 Ra1
58.Rb8 f5 59.Rg8+ Kf6 60.Rf8+ Ke6 61.Re8+ Kf7 62.Rb8 g4+ 63.Kf2 Ra2+ 64.Kg3 Re2
65.Kf4 Rf2+ 66.Kg5 Rf3 67.Rb6 g3 68.Rf6+ Ke7 69.Rg6 Rf1 70.Kh6 Rh1+ 71.Kg7 Rh4  0-1

[Event "Ladoga Summer"]
[Site "Novaya Ladoga RUS"]
[Date "2007.07.06"]
[Round "2"]
[White "Khuseinkhodzhaev,M"]
[Black "Karalkin,M"]
[Result "1-0"]
[WhiteElo "2310"]
[BlackElo "2343"]

1.d4 d5 2.c4 c6 3.Nf3 Nf6 4.Nc3 a6 5.e3 b5 6.b3 Bg4 7.Bd3 Nbd7 8.Qc2 Bxf3
9.gxf3 e5 10.Ne2 dxc4 11.bxc4 Bb4+ 12.Kf1 O-O 13.f4 exf4 14.Nxf4 c5 15.Bb2 cxd4
16.Bxd4 bxc4 17.Bxc4 Qa5 18.Rg1 Rfc8 19.Qb3 Ne5 20.Bxf7+ Nxf7 21.Bxf6 Qb5+
22.Ne2 g6 23.Rd1 Qf5 24.Qxb4 Qxf6 25.Rg4 Rab8 26.Qa4 Rb2 27.Rf4 Qe6 28.Qd7 Ng5
29.h4 Qxd7 30.Rxd7 Ne6 31.Rf6 Nc5 32.Ra7 Rxa2 33.Rff7 Ne6 34.Rfe7 Nf8 35.Ng3 Ra4
36.Ne4 Rc2 37.Rg7+ Kh8 38.Rgf7 Rc8 39.Rae7 a5 40.Nf6 Rxh4 41.Rg7  1-0

[Event "Open A"]
[Site "Kowalewo Pomorskie POL "]
[Date "2007.07.07"]
[Round "5"]
[White "Szacht,E"]
[Black "Marchlewicz,K"]
[Result "1-0"]
[WhiteElo "2143"]
[BlackElo "2007"]

1.d4 d5 2.c4 c6 3.Nf3 Nf6 4.Nc3 a6 5.b3 g6 6.Bb2 Bg7 7.e3 O-O 8.Qc2 Bf5 9.Bd3 Bxd3
10.Qxd3 Nbd7 11.O-O Re8 12.Rad1 b5 13.e4 b4 14.e5 bxc3 15.exf6 Nxf6 16.Bxc3 Ne4
17.Bb2 f6 18.Rfe1 Qd6 19.Nd2 Ng5 20.h4 Nf7 21.Nf3 a5 22.h5 g5 23.a3 Rad8
24.Rc1 e5 25.dxe5 fxe5 26.Qf5 h6 27.Red1 Re6 28.cxd5 cxd5 29.Qc2 Qb6 30.Bc3 Rc6
31.Bxa5 Rxc2 32.Bxb6 Rxc1 33.Rxc1 Rb8 34.Rc6 Nd8 35.Rg6 Kf7 36.Bc7 Rxb3 37.Bxd8 Rxa3
38.Bc7 e4 39.Ne5+ Kg8 40.Ng4 Kh7  1-0

[Event "South Wales Masters"]
[Site "Caerleon WLS"]
[Date "2007.07.08"]
[Round "3"]
[White "Wells,P"]
[Black "Haslinger,S"]
[Result "1/2-1/2"]
[WhiteElo "2499"]
[BlackElo "2450"]

1.d4 d5 2.c4 c6 3.Nf3 Nf6 4.Nc3 a6 5.g3 dxc4 6.Bg2 b5 7.Ne5 Bb7 8.a4 e6 9.O-O Nd5
10.axb5 axb5 11.Rxa8 Bxa8 12.e4 Nxc3 13.bxc3 Nd7 14.Bf4 Bb7 15.Qh5 g6 16.Qf3 f6
17.Nxd7 Qxd7  1/2-1/2

[Event "Summer GM"]
[Site "Lugansk UKR"]
[Date "2007.07.08"]
[Round "11"]
[White "Kiselev,Vit2"]
[Black "Vysochin,S"]
[Result "1-0"]
[WhiteElo "2509"]
[BlackElo "2518"]

1.d4 d5 2.c4 c6 3.Nc3 Nf6 4.Nf3 a6 5.Qc2 dxc4 6.e4 b5 7.a4 Bb7 8.e5 Nd5 9.e6 f6
10.Ne4 g6 11.Nc5 Bc8 12.axb5 cxb5 13.b3 Bg7 14.bxc4 bxc4 15.Qa4+ Kf8 16.Qxc4 a5
17.Bd3 Na6 18.Be4 Nac7 19.Bd2 f5 20.Bxd5 Qxd5 21.Qxd5 Nxd5 22.O-O Bf6 23.Bxa5 Kg7
24.Bd2 Rxa1 25.Rxa1 Nc7 26.Re1 h6 27.h4 Rd8 28.Ba5 Rxd4 29.Bxc7 Rc4 30.Bb6 Rb4
31.Nd7 Bxh4 32.Bc5 Rc4 33.Nxh4 Rxh4 34.Bxe7 Re4 35.Bf6+ Kg8 36.Rc1 Ba6 37.Nc5 Rc4
38.Ra1 Rxc5 39.Rxa6 Rc1+ 40.Kh2 Rc8 41.Rd6  1-0

[Event "Open A"]
[Site "Kowalewo Pomorskie POL "]
[Date "2007.07.09"]
[Round "8"]
[White "Ejsmont,K"]
[Black "Grabarczyk,M"]
[Result "1-0"]
[WhiteElo "2367"]
[BlackElo "2482"]

1.d4 d5 2.c4 c6 3.Nf3 Nf6 4.Nc3 a6 5.Ne5 g6 6.cxd5 cxd5 7.Bg5 Bg7 8.e3 O-O
9.Bd3 e6 10.Qf3 h6 11.Bh4 Nbd7 12.O-O Qa5 13.Nxd7 Nxd7 14.a3 b5 15.Rfe1 Bb7
16.b4 Qb6 17.a4 Bc6 18.Bg3 Rfc8 19.axb5 axb5 20.h4 h5 21.Bd6 Rxa1 22.Rxa1 Qb7
23.Bf1 e5 24.Ra5 exd4 25.Nxb5 dxe3 26.Qxe3 Bxb5 27.Rxb5 Qc6 28.Bf4 d4 29.Qe2 Bf8
30.g3 Nf6 31.Qd2 Rd8 32.Qd3 Ng4 33.Bg5 Re8 34.Qxd4 Re1 35.Qd3 Ne5 36.Qd5 Qc2
37.Kg2 Ng4 38.Bd2 Nf6 39.Qd3 Qc6+ 40.f3 Ra1 41.Ra5 Rxa5 42.bxa5 Qa4 43.Bc3 Ne8
44.a6 Bc5 45.Qe2 Kf8 46.Qe5 Qc2+ 47.Kh3 Qf2 48.Bb5 Nd6 49.Qg7+ Ke7 50.Qf6+  1-0

[Event "6th Open"]
[Site "La Fere FRA"]
[Date "2007.07.09"]
[Round "3"]
[White "Dobrev,Nan"]
[Black "Piankov,E"]
[Result "1-0"]
[WhiteElo "2469"]
[BlackElo "2344"]

1.d4 d5 2.c4 c6 3.Nc3 Nf6 4.Nf3 a6 5.h3 b5 6.cxd5 cxd5 7.Bf4 e6 8.e3 Bb7
9.Bd3 Nc6 10.O-O Bd6 11.Ne5 O-O 12.Rc1 Rc8 13.Qe2 Ne7 14.Bg5 Ne4 15.Bf4 Ng6
16.Nxg6 hxg6 17.Bxe4 dxe4 18.Bxd6 Qxd6 19.Qg4 Qe7 20.Nxe4 Bd5 21.a3 f5 22.Qg5 Qxg5
23.Nxg5 Rfe8 24.f3 a5 25.Kf2 Bc4 26.Rfd1 Bb3 27.Rxc8 Rxc8 28.Rd2 Kf8 29.Kg3 Ke7
30.Kf4 b4 31.axb4 axb4 32.Ke5 Ba2 33.e4 Rc1 34.g4 Bc4 35.gxf5 gxf5 36.exf5 exf5
37.d5 b3 38.Kxf5 Rc2 39.Rd4 Bb5 40.d6+ Ke8 41.Rb4 Rc5+ 42.Kf4 g6 43.Rxb3 Kd7
44.Ne4 Rf5+ 45.Ke3 Bc6 46.Rd3 Kd8 47.b4 Rh5 48.d7 Rxh3 49.Ng5  1-0